000 00617nam a22002297a 4500
003 UA-OsUOA
001 42921
007 ta
008 20061130b un ||||| |||| 00| 0 ukr d
100 _aАрабей Лідзія
090 _a82.09(476)
_bА79
942 _cBK
040 _aUA-OsUOA
_brus
_cUA-OsUOA
_dUA-OsUOA
245 _aСтану Песняй
300 _a302 с.
955 _a2
041 _arus
080 _a82.09(476)
260 _aМінск
_bМастацкая літаратура
_c1997
650 7 _a82 Література. Літературознавство
_2UDC
999 _c329053
_d329053